Sdružení uživatelů počítačů v nových podmínkach.

Činnosť Združenia používateľov počítačov JSEP od r. 1977. Súčasnosť Združenia používateľov počítačov a jeho predpokladané perspektívy v oblasti poradenskej a informačnej, ochrany záujmov používateľov a v oblasti podnikateľskej. Nová organizácia práce Združenia používateľov.

Salvato in:
Dettagli Bibliografici
Autore principale: Potáček, J.
Natura: Capitolo di libro
Lingua:ceco
Soggetti:
Tags: Aggiungi Tag
Nessun Tag, puoi essere il primo ad aggiungerne!!

MARC

LEADER 00000naa a2200000 4500
001 r003230
005 20220819175822.4
041 0 |a cze 
044 |a [CS] 
245 1 0 |a Sdružení uživatelů počítačů v nových podmínkach.  |c J. Potáček 
520 |a Činnosť Združenia používateľov počítačov JSEP od r. 1977. Súčasnosť Združenia používateľov počítačov a jeho predpokladané perspektívy v oblasti poradenskej a informačnej, ochrany záujmov používateľov a v oblasti podnikateľskej. Nová organizácia práce Združenia používateľov. 
610 2 0 |a používatelia 
610 2 0 |a využitie počítačov 
610 2 0 |a poradenstvo 
610 2 0 |a zabezpečenie informačné 
610 2 0 |a ochrana dát 
610 2 0 |a podnikanie 
610 2 0 |a organizácia práce 
610 2 0 |a JSEP 
100 1 |a Potáček, J.